[Event "San Fernando U2300"]
[Site "San Fernando"]
[Date "2017.01.27"]
[Round "1.4"]
[White "Villarroel Sepulveda, Pablo"]
[Black "Sanchez Sandoval, Gonzalo"]
[Result "0-1"]
[WhiteElo "2078"]
[BlackElo "2256"]
[PlyCount "70"]
[EventDate "2017.01.27"]
[EventType "swiss"]
[EventRounds "6"]
[EventCountry "CHI"]
[SourceTitle "EXT 2024"]
[Source "ChessBase"]
[SourceDate "2023.10.10"]
[SourceVersion "1"]
[SourceVersionDate "2023.10.10"]
[SourceQuality "1"]

1. e4 c5 2. Nf3 d6 3. d4 cxd4 4. Nxd4 Nf6 5. Nc3 Nc6 6. Be2 e5 7. Nf3 h6 8. 0-0 Be7 9. Re1 0-0 10. h3 Be6 11. Bf1 Nb8 12. b3 Nbd7 13. Bb2 a6 14. Nd5 Nxd5 15. exd5 Bf5 16. c4 Bg6 17. b4 b6 18. a4 a5 19. Bc3 f5 20. Nd2 axb4 21. Bxb4 Nc5 22. Nb1 e4 23. Nc3 Bf6 24. Qc2 Be5 25. Ra2 Qf6 26. Nb5 f4 27. Qd1 f3 28. Kh1 fxg2+ 29. Bxg2 Nd3 30. Bc3 Qf4 31. Kg1 Qh2+ 32. Kf1 Nxf2 33. Rxf2 Rxf2+ 34. Kxf2 Rf8+ 35. Ke3 Qf4+ 0-1